NBA Most 3-Pointers Per Franchise Player in One Season - Statistics

General Stats
  • This quiz has been taken 390 times
    258 since last reset
  • The average score is 12 of 30
Answer Stats
Team 3PM Player % Correct
Warriors 402 Stephen Curry
100%
Rockets 378 James Harden
99%
Mavericks 284 Luka Doncic
77%
Bucks 229 Ray Allen
75%
Thunder 292 Paul George
72%
Clippers 243 Paul George
72%
Trail Blazers 275 Damian Lillard
70%
Hornets 260 Kemba Walker
47%
Pacers 288 Buddy Hield
46%
Kings 282 Buddy Hield
46%
Cavaliers 245 Donovan Mitchell
46%
Jazz 232 Donovan Mitchell
46%
Wizards 223 Bradley Beal
42%
Heat 270 Duncan Robinson
39%
Celtics 245 Isaiah Thomas
28%
Pelicans 239 CJ McCollum
27%
76ers 240 J.J. Redick
27%
Nets 234 D'Angelo Russell
26%
Lakers 226 D'Angelo Russell
26%
Nuggets 220 Michael Porter Jr.
26%
Raptors 242 Fred VanVleet
24%
Spurs 191 Danny Green
23%
Bulls 209 Coby White
22%
Grizzlies 228 Desmond Bane
22%
Knicks 283 Donte DiVincenzo
16%
Hawks 240 Bogdan Bogdanovic
13%
Timberwolves 240 Malik Beasley
9%
Suns 226 Quentin Richardson
6%
Magic 267 Dennis Scott
5%
Pistons 211 Saddiq Bey
4%
No matching quizzes found
Score Distribution
Percent of People with Each Score
Percentile by Number Answered
Your Score History
You have not taken this quiz since the last reset